| 000 | 00844cab a2200253 4500 | ||
|---|---|---|---|
| 001 | WB2912-25 | ||
| 008 | 090401t1993 xxu||||| |||| 00| 0 eng d | ||
| 035 | _a(Sirsi) u5035 | ||
| 041 | _aeng | ||
| 245 | _aCouncil homes | ||
| 260 | _c1993 | ||
| 350 | _a0 | ||
| 490 |
_aFinancial Times _v23 March 1993, 12 |
||
| 490 |
_aDaily Telegraph _v23 March 1993, 7(1) |
||
| 520 | _aA study by the Joseph Rowntree Foundation suggests that more than £16bn could be used to improve housing conditions if local councils transferred ownership of housing estates to independent companies. | ||
| 650 |
_aAffordable housing _96215 |
||
| 650 | _aCOUNCIL HOUSING | ||
| 650 | _aFUNDING | ||
| 650 | _aPUBLIC SECTOR BORROWING REQUIREMENT | ||
| 690 | _aPROPERTY-PROPERTY FINANCE AND INVESTMENT | ||
| 690 | _aHOUSING | ||
| 942 | _n0 | ||
| 948 | _c04/03/1997 | ||
| 999 |
_c3026 _d3026 |
||